Il profilo culturale di Wolfgang Helbig attraverso Die Italiker in der Poebene
Sábháilte in:
| Príomhchruthaitheoir: | |
|---|---|
| Formáid: | LEABHAR |
| Teanga: | Iodáilis |
| Foilsithe / Cruthaithe: |
Florencia
GESP
1992
|
| Eagrán: | 1a. ed |
| Ábhair: | |
| Clibeanna: |
Cuir clib leis
Níl clibeanna ann, Bí ar an gcéad duine le clib a chur leis an taifead seo!
|
MARC
| LEADER | 00000cam a2200000 a 4500 | ||
|---|---|---|---|
| 001 | UCD9225 | ||
| 003 | CL-VaPUC | ||
| 008 | 170609e19920000it |||||||||||||||||ita|d | ||
| 082 | 0 | 4 | |a 930.1 |b FUS |2 21 |
| 100 | 0 | |a Fuscagni, Stefania |e author |9 592933 | |
| 245 | 1 | 3 | |a Il profilo culturale di Wolfgang Helbig attraverso Die Italiker in der Poebene |
| 250 | |a 1a. ed | ||
| 300 | |a 245 p | ||
| 942 | |c BK | ||
| 945 | |d 20170609 16:51:00 |a dcastane | ||
| 260 | |a Florencia |b GESP |c 1992 | ||
| 650 | 0 | |a Arqueología |9 265619 | |
| 650 | 0 | |a Arqueólogos |9 342694 | |
| 650 | 0 | |a Biografías |9 255210 | |
| 583 | |a last modification |c 20170609 16:51:00 |k Rodrigo Vera | ||
| 999 | |c 368479 |d 368477 | ||
| 952 | |0 0 |1 0 |3 erb |4 0 |6 930_100000000000000_FUS_1992 |7 0 |8 A |9 483812 |a FDOLAF |b FDOLAF |e Laffi, Umberto, 1939- |i 5396875 |o 930.1 FUS 1992 |p 5396875 |r 2024-01-30 |w 2019-11-24 |y BK |z Catalogado en:20170609 |k LAF | ||